Gaming Quiz

Random Gaming or Card Games Quiz

Toys and Games by Socks Quiz Stats

 Plays Quiz Updated Aug 14, 2018

Also try: Game by Socks
Challenge
Share
Tweet
Score 0/20 Timer 03:00
0 Plays Today
% Correct
Rubik's Cube
96.4%
Barbie
96%
Teddy Bear
95.9%
Monopoly
95.6%
Paper Planes
95.4%
Tic-Tac-Toe
95.3%
Playing Cards
94.8%
Army Men
94.5%
Paintball
94.3%
LEGO
93.3%
% Correct
Hungry Hungry Hippos
93.1%
Foosball
90.1%
Crayon
90%
Video Game Controllers
89.6%
Battleship
87.9%
Shopkins
87%
Sock Monkey
86.8%
Pinball
81.8%
Settlers of Catan
81.2%
Dungeons & Dragons
76%

You're not logged in!

Compare scores with friends on all Sporcle quizzes.
Join for Free
OR
Log In

You Might Also Like...

Show Comments

Extras

Top Quizzes Today


Score Distribution

Your Account Isn't Verified!

In order to create a playlist on Sporcle, you need to verify the email address you used during registration. Go to your Sporcle Settings to finish the process.

Report this User

Report this user for behavior that violates our Community Guidelines.

Details: